000 00799nas a2200265 4500
001 BR9607063
003 BR-BrBNA
005 20231205095418.0
007 ta
008 230509b bl.|||p| |||| 00| 00por d
040 _aBR-BrBNA
_bpor
_cBiblioteca Nacional de Agricultura
041 _a(Pt)
072 _aL51
100 1 _aMoita, A.M.S.
100 1 _aCosta, P.M.A.
100 1 _aDonzele, J.L.
245 1 _aExigencia de metionina + cistina, por leitoes de 12 a 28 dias de idade
650 _aLeitao
650 _aExigencia Nutricional
650 _aMetionina
650 _aCistina
773 0 _tRevista da Sociedade Brasileira de Zootecnia (Brazil)
_xISSN 0100-4859
_g(May-Jun 1996), v. 25(3) p. 494-500
_wBR9607063
909 _a202311
_bLúcia
_c55
_dLúcia Elande
942 _2AGRIS
_n0
_cANA
999 _c150512
_d150512